[Event "SVK-chT3B 0102"]
[Site "Slovakia"]
[Date "2001.??.??"]
[Round "3"]
[White "Timoscenkova, Viera"]
[Black "Kurcsik, Zoltan"]
[Result "1/2-1/2"]
[WhiteElo "2140"]
[BlackElo "1845"]
[PlyCount "40"]
[EventDate "2001.10.??"]
[EventType "team"]
[EventRounds "9"]
[EventCountry "SVK"]
[SourceTitle "EXT 2006"]
[Source "ChessBase"]
[SourceDate "2005.11.24"]
[SourceVersion "1"]
[SourceVersionDate "2005.11.24"]
[SourceQuality "1"]

1. d4 e6 2. Nf3 Nf6 3. Bg5 c5 4. e3 Nc6 5. c3 Be7 6. Nbd2 0-0 7. Bd3 b6 8. 0-0 Bb7 9. Rc1 d5 10. Qe2 Rc8 11. Rfd1 cxd4 12. exd4 h6 13. Bh4 Rc7 14. Re1 Nh5 15. Bxe7 Qxe7 16. g3 Nf6 17. Nh4 Rfc8 18. f4 Nxd4 19. Qf2 Nc6 20. Nb3 Nd7 1/2-1/2

[Event "SVK-chT3B 9900"]
[Site "Slovakia"]
[Date "2000.??.??"]
[Round "?"]
[White "Bojda, Lubomir"]
[Black "Timoscenkova, Viera"]
[Result "1/2-1/2"]
[WhiteElo "2203"]
[BlackElo "2132"]
[PlyCount "61"]
[EventDate "1999.??.??"]
[EventType "team"]
[EventRounds "11"]
[EventCountry "SVK"]
[SourceTitle "EXT 2001"]
[Source "ChessBase"]
[SourceDate "2000.11.22"]
[SourceVersion "1"]
[SourceVersionDate "2000.11.22"]
[SourceQuality "1"]

1. d4 d5 2. Nf3 Nf6 3. c4 c6 4. Nc3 e6 5. cxd5 exd5 6. Bg5 Be7 7. e3 Bf5 8. Be2 Nbd7 9. 0-0 Ne4 10. Bxe7 Qxe7 11. Nxe4 Bxe4 12. a3 0-0 13. b4 a6 14. Nd2 Rfe8 15. Nb3 Qg5 16. Bf3 Bxf3 17. Qxf3 Nf6 18. Nc5 Ne4 19. Nxe4 Rxe4 20. Rfc1 Qe7 21. Rc5 Re6 22. Rac1 Rf6 23. Qe2 Re8 24. Qd3 Rg6 25. Qf5 Rf6 26. Qg4 Qe4 27. Qg3 Rfe6 28. Qh3 f5 29. R5c3 Rh6 30. f3 Qe6 31. Qg3 1/2-1/2

[Event "SVK-ch"]
[Site "Prievidza"]
[Date "1998.06.29"]
[Round "3.34"]
[White "Timoscenkova, Viera"]
[Black "Dusik, Tomas"]
[Result "1/2-1/2"]
[WhiteElo "2145"]
[BlackElo "2047"]
[PlyCount "60"]
[EventDate "1998.06.27"]
[EventType "swiss"]
[EventRounds "9"]
[EventCountry "SVK"]
[SourceTitle "EXT 1999"]
[Source "ChessBase"]
[SourceDate "1998.11.16"]
[SourceVersion "1"]
[SourceVersionDate "1998.11.16"]
[SourceQuality "1"]

1. d4 Nf6 2. Bg5 d5 3. e3 c5 4. c3 Qb6 5. Qb3 Qxb3 6. axb3 cxd4 7. exd4 Bf5 8. Nd2 Nc6 9. Ngf3 e6 10. Bb5 Bd6 11. 0-0 Ne4 12. Nxe4 Bxe4 13. Nd2 Bf5 14. b4 Kd7 15. Ra2 Bc7 16. Rfa1 f6 17. Be3 Bb6 18. Nb3 Rhg8 19. Nc5+ Bxc5 20. dxc5 a6 21. Bf1 Rad8 22. b5 axb5 23. Bxb5 Kc7 24. b4 e5 25. Be2 d4 26. Bd2 dxc3 27. Bxc3 Bd3 28. b5 Bxe2 29. bxc6 Bc4 30. Rb2 Kxc6 1/2-1/2

[Event "Moscow (Women)"]
[Site "Moscow"]
[Date "1990.??.??"]
[Round "?"]
[White "Pihajlic, Amalija"]
[Black "Timoscenkova, Viera"]
[Result "0-1"]
[WhiteElo "2210"]
[BlackElo "2160"]
[PlyCount "78"]
[EventDate "1990.??.??"]
[EventType "swiss"]
[EventRounds "9"]
[EventCountry "URS"]
[SourceTitle "TD"]
[Source "ChessBase"]
[SourceDate "1994.03.01"]
[SourceVersion "1"]
[SourceVersionDate "1994.03.01"]
[SourceQuality "1"]

1. e4 e5 2. f4 exf4 3. Nf3 g5 4. h4 g4 5. Ne5 Qe7 6. Nxg4 Qxe4+ 7. Qe2 d5 8. Nf2 Qxe2+ 9. Bxe2 Nc6 10. Nc3 Be6 11. Bb5 0-0-0 12. Bxc6 bxc6 13. d4 Bh6 14. Nd3 Bf5 15. Ne5 Rf8 16. Nxc6 Bxc2 17. Nxa7+ Kb7 18. Nab5 c6 19. Na3 Re8+ 20. Kf2 Bf5 21. Ne2 Nf6 22. Nxf4 Ne4+ 23. Kf3 Rhg8 24. Rg1 Rg3+ 25. Ke2 Rg4 26. Kf3 Nf6 27. g3 Ne4 28. b4 Reg8 29. Ne2 Nd2+ 30. Bxd2 Bxd2 31. b5 Re4 32. bxc6+ Kxc6 33. Nc1 Re3+ 34. Kf2 Rxa3 35. Nb3 Bh6 36. Rge1 Rga8 37. Nc1 Be4 38. g4 Bf4 39. Ne2 Be3+ 0-1

[Event "Moscow (Women)"]
[Site "Moscow"]
[Date "1990.??.??"]
[Round "?"]
[White "Timoscenkova, Viera"]
[Black "Alekhina, Natalia V"]
[Result "1/2-1/2"]
[WhiteElo "2160"]
[BlackElo "2215"]
[PlyCount "55"]
[EventDate "1990.??.??"]
[EventType "swiss"]
[EventRounds "9"]
[EventCountry "URS"]
[SourceTitle "TD"]
[Source "ChessBase"]
[SourceDate "1994.03.01"]
[SourceVersion "1"]
[SourceVersionDate "1994.03.01"]
[SourceQuality "1"]

1. d4 f5 2. Nf3 Nf6 3. g3 g6 4. Bg2 Bg7 5. b3 0-0 6. Bb2 Ne4 7. Nbd2 d6 8. 0-0 Nc6 9. Nxe4 fxe4 10. Ng5 d5 11. Nh3 Bf5 12. f3 exf3 13. exf3 e5 14. dxe5 Nxe5 15. Kh1 c6 16. Nf2 Qd7 17. f4 Ng4 18. Bxg7 Nxf2+ 19. Rxf2 Qxg7 20. Rc1 Rae8 21. Qd2 Qe7 22. Kg1 Qe3 23. Kf1 Re7 24. Re1 Qxd2 25. Rxd2 Rfe8 26. Rxe7 Rxe7 27. Kf2 Kf7 28. c3 1/2-1/2